Generativita a její souvislosti – literárně přehledová studie

Generativita je nastolenie záujmu a vedenie budúcej generácie. Vývoj pohľadu na generativitu a jej nové teórie. Súvislosti rôznych oblastí života a negatívne aspekty generativity.

Salvato in:
Dettagli Bibliografici
Autore principale: Faberová, Karolína
Natura: Capitolo di libro
Lingua:ceco
Soggetti:
Tags: Aggiungi Tag
Nessun Tag, puoi essere il primo ad aggiungerne!!

MARC

LEADER 00000naa a2200000 4500
001 0287102
005 20240403145017.3
041 0 |a cze 
044 |a CZ 
245 1 0 |a Generativita a její souvislosti – literárně přehledová studie  |c Karolína Faberová 
520 |a Generativita je nastolenie záujmu a vedenie budúcej generácie. Vývoj pohľadu na generativitu a jej nové teórie. Súvislosti rôznych oblastí života a negatívne aspekty generativity. 
610 2 0 |a psychológia 
610 2 0 |a vedenie 
610 2 0 |a vedenie ľudí 
610 2 0 |a stagnácia 
610 2 0 |a kultúra 
610 2 0 |a výchova 
610 2 0 |a vzdelávanie 
610 2 0 |a teória a prax 
100 1 |a Faberová, Karolína